000 00400nam a22001577a 4500
005 20251108172739.0
008 250721s1991 xx 000 0 ara d
082 1 4 _a794.1/أمي
100 1 _aأمين، عماد
_eمؤلف
245 1 0 _aالشطرنج فنه وأصوله /
264 1 _aعمان :
_c1991.
300 _a129ص
650 1 7 _aالشطرنج
942 _2ddc
_cBK
999 _c87477
_d87477